| 000 | 00643cab a2200217 4500 | ||
|---|---|---|---|
| 001 | WB3136-05 | ||
| 008 | 090401t1995 xxu||||| |||| 00| 0 eng d | ||
| 035 | _a(Sirsi) u74610 | ||
| 041 | _aeng | ||
| 245 | _aMorrison floats shares at 115p | ||
| 260 | _c1995 | ||
| 350 | _a0 | ||
| 490 |
_aHerald _v28 September 1995, 20(1) |
||
| 520 | _aFollowing its `strong` performance to date Morrison Construction Group has priced shares at 115p at flotation. | ||
| 650 | _aCOMPANY INFORMATION | ||
| 650 | _aMORRISON CONSTRUCTION GROUP | ||
| 650 | _aSHARES | ||
| 690 | _aBUILDING AND CONSTRUCTION-ECONOMICS | ||
| 942 | _n0 | ||
| 948 | _c04/03/1997 | ||
| 999 |
_c47020 _d47020 |
||